Danganronpa: UDG Ultimate Quiz *Spoilers* - Statistics

General Stats
  • This quiz has been taken 63 times
  • The average score is 4 of 5
Answer Stats
Character Ultimate % Correct
Jataro Kemuri Li'l Ultimate Art
96%
Masaru Daimon Li'l Ultimate P.E.
92%
Nagisa Shingetsu Li'l Ultimate Social Studies
82%
Kotoko Utsugi Li'l Ultimate Drama
80%
Monaca Towa Li'l Ultimate Homeroom
80%
No matching quizzes found
Score Distribution
Percent of People with Each Score
Percentile by Number Answered
Your Score History
You have not taken this quiz